000 00293nam a22001337a 4500
008 170804b xxu||||| |||| 00| 0 eng d
020 _a9780558611231
041 _aeng
080 _a004
100 _a33
101 _aSHKI
245 _aCUSTOM PROGRAM FOR CIS
_cBOLES, P.F
942 _2udc
_cBK
999 _c22697
_d22697